000 00703nam a22002417a 4500
003 OSt
005 20260423142456.0
007 ta
008 260423b bl ||||| |||| 00| 0 por d
020 _a857322214X
_q(encad.)
040 _bpor
_cOSt
041 0 _apor
_hpor
082 _a342.681
_bP436p
100 1 _aPereira, Adilson Bassalho
_91134
210 _2Os precedentes normativos dos tribunais do trabalho
245 1 0 _aOs precedentes normativos dos tribunais do trabalho /
260 _aSão Paulo :
_bLTr,
_c1996.
300 _a176 p. :
_c21 cm
504 _aBibliografia: p. 171-176
650 0 4 _aDireito do trabalho-Brasil
650 0 4 _aJustiça do trabalho-Brasil
942 _2ddc
_cLIV
_n0
999 _c830
_d830